[Event "Challenge"]
[Site "http://www.queenalice.com/game.php?id=1035429"]
[Date "2012.3.2"]
[Round "-"]
[White "Charly"]
[Black "yasseryack"]
[Result "1-0"]
[WhiteElo "1500"]
[BlackElo "1492"]

1. d4 d5 2. c4 c5 3. cxd5 Qxd5 4. Nf3 Nc6 5. Nc3 Qd6 6. Nb5 Qd7 7. Bf4 f6 8.
Nc7+ Kd8 9. Nxa8 cxd4 10. e4 e5 11. Bd2 Qg4 12. Qb3 Qxe4+ 13. Be2 Nge7 14. Qc4
Nd5 15. O-O Be6 16. Bd3 Qg4 17. Qb5 Kc8 18. Rac1 e4 19. Nxd4 exd3 20. Nxc6 bxc6
21. Rxc6+ Kd8 22. Qb8+ Bc8 23. Ba5+ Nb6 24. Qc7+ Ke8 25. Re1+ Be6 26. Rcxe6+
Qxe6 27. Rxe6+ 1-0

[Event "Challenge"]
[Site "http://www.queenalice.com/game.php?id=1035605"]
[Date "2012.3.3"]
[Round "-"]
[White "attiliottone"]
[Black "Charly"]
[Result "0-1"]
[WhiteElo "1007"]
[BlackElo "1696"]

1. d4 Nf6 2. Nf3 g6 3. g3 Bg7 4. e3 d6 5. Bb5+ c6 6. Bc4 Bg4 7. h3 Bf5 8. Ng5 d5
9. g4 dxc4 10. gxf5 h6 11. Nf3 Qa5+ 12. c3 Qxf5 13. b3 cxb3 14. axb3 Nbd7 15.
Nh4 Qe4 16. f3 Qxh4+ 17. Kd2 O-O 18. c4 c5 19. Ba3 cxd4 20. Bxe7 dxe3+ 21. Kxe3
Rfe8 22. Qxd7 Nd5+ 23. Qxd5 Qxe7+ 24. Kf4 Bxa1 25. Nd2 Qe5+ 26. Kg4 Rad8 27. Ne4
Rxd5 28. Nf6+ Qxf6 29. cxd5 Qg5# 0-1

[Event "Challenge"]
[Site "http://www.queenalice.com/game.php?id=1038732"]
[Date "2012.3.13"]
[Round "-"]
[White "amattar"]
[Black "Charly"]
[Result "0-1"]
[WhiteElo "1871"]
[BlackElo "1647"]

1. e4 c6 2. d4 d5 3. Nc3 dxe4 4. Nxe4 Bf5 5. Ng3 Bg6 6. Nf3 Nd7 7. c4 Ngf6 8.
Be2 e6 9. O-O Bd6 10. Re1 O-O 11. Bf1 c5 12. d5 exd5 13. cxd5 Nb6 14. Bg5 Nbxd5
15. Bxf6 Nxf6 16. Qb3 Qc7 17. Rad1 Rae8 18. Rxe8 Rxe8 19. Bb5 Rc8 20. Bc4 h6 21.
Nf1 a6 22. a4 Rd8 23. h3 Ne4 24. Nh4 Bh7 25. Bd5 b6 26. Ne3 Nxf2 27. Rf1 Bh2+
28. Kxf2 Qg3+ 29. Ke2 Qxh4 30. Rxf7 Kh8 31. Qc3 Qd4 32. Qxd4 cxd4 33. Ng4 Bd6
34. Bf3 Bg8 35. Rb7 b5 36. axb5 axb5 37. Nf2 Bc4+ 38. Kd1 Bb3+ 39. Kd2 Bb4+ 40.
Kd3 Bc4+ 41. Kc2 d3+ 42. Kb1 Re8 43. Nd1 Re1 44. Kc1 Bb3 45. Rb8+ Kh7 46. Rd8
d2+ 47. Rxd2 Bxd2+ 48. Kxd2 Re5 49. Ne3 Be6 50. Kd3 Bd7 51. Be4+ Kg8 52. Bd5+
Kf8 53. b3 Be6 54. Bxe6 Rxe6 55. Kd4 Kf7 56. g4 g6 57. Nd5 Rc6 58. Nb4 Rc1 59.
Nd3 Rh1 60. b4 Rxh3 61. Ne5+ Kf6 62. Nd7+ Kg5 63. Kc5 Kxg4 64. Kxb5 Kf4 65. Kb6
g5 66. b5 g4 67. Nc5 g3 68. Kc7 g2 69. b6 g1=Q 70. Ne6+ Ke5 0-1

[Event "Challenge"]
[Site "http://www.queenalice.com/game.php?id=1038734"]
[Date "2012.3.13"]
[Round "-"]
[White "fortes"]
[Black "Charly"]
[Result "1-0"]
[WhiteElo "1730"]
[BlackElo "1702"]

1. e4 c6 2. Nc3 d5 3. Nf3 Bg4 4. h3 Bxf3 5. Qxf3 dxe4 6. Nxe4 Nd7 7. Ng5 Ngf6 8.
Qb3 e6 9. Qxb7 Nd5 10. d4 Nb4 11. Bd3 Be7 12. h4 O-O 13. Bxh7+ Kh8 14. Bf4 Rb8
15. Bxb8 Nxb8 16. Be4 c5 17. dxc5 Bxc5 18. Nxf7+ Kg8 19. Nxd8 1-0

[Event "Challenge"]
[Site "http://www.queenalice.com/game.php?id=1044312"]
[Date "2012.3.30"]
[Round "-"]
[White "weezul"]
[Black "Charly"]
[Result "0-1"]
[WhiteElo "1616"]
[BlackElo "1696"]

1. d4 Nf6 2. Nc3 g6 3. Nf3 Bg7 4. e4 d6 5. Bd3 O-O 6. Be3 Nbd7 7. Qd2 c5 8. e5
dxe5 9. dxe5 Ng4 10. O-O-O Ngxe5 11. Nxe5 Nxe5 12. Bxc5 Qc7 13. Ne4 Bf5 14. Bd4
Nxd3+ 15. Qxd3 Qf4+ 16. Kb1 Qxe4 17. Bxg7 Qxd3 18. Rxd3 Kxg7 19. Rd7 Bxd7 20.
Re1 Kf6 21. f4 Rac8 22. h3 h5 23. g3 Bxh3 24. Re3 Rfd8 25. g4 Rd1# 0-1

[Event "Challenge"]
[Site "http://www.queenalice.com/game.php?id=1044313"]
[Date "2012.3.30"]
[Round "-"]
[White "fortes"]
[Black "Charly"]
[Result "1-0"]
[WhiteElo "1695"]
[BlackElo "1776"]

1. e4 c6 2. d4 d5 3. exd5 cxd5 4. c4 dxc4 5. Bxc4 e6 6. Nf3 Bd6 7. Nc3 Nf6 8.
O-O O-O 9. Bg5 Bd7 10. d5 Qb6 11. Bxf6 gxf6 12. g3 Na6 13. Ne4 e5 14. Nxf6+ 1-0

[Event "Challenge"]
[Site "http://www.queenalice.com/game.php?id=1053395"]
[Date "2012.4.27"]
[Round "-"]
[White "Martial"]
[Black "Charly"]
[Result "0-1"]
[WhiteElo "1489"]
[BlackElo "1570"]

1. e4 c6 2. d4 d5 3. Nc3 dxe4 4. Nxe4 Nf6 5. Bd3 Nbd7 6. Nf3 Nxe4 7. Bxe4 Nf6 8.
Qd3 Qb6 9. O-O g6 10. Be3 Nxe4 11. Qxe4 Bg7 12. b3 Bf5 13. Qh4 Qd8 14. c3 a5 15.
a4 Qd5 16. b4 axb4 17. cxb4 Qe4 18. Qxe4 Bxe4 19. h3 Bxf3 20. gxf3 O-O 21. Rfd1
Rfd8 22. Kg2 Rd7 23. b5 cxb5 24. a5 Rd5 25. f4 b4 26. Rab1 Raxa5 27. Rxb4 b5 28.
Kf3 Ra4 29. Rc1 Rxb4 30. Rc8+ Bf8 31. Ke4 Rf5 32. Bd2 Rb3 33. h4 f6 34. h5 Kf7
35. Rd8 Rxh5 36. d5 f5+ 37. Ke5 Bg7# 0-1

[Event "Challenge"]
[Site "http://www.queenalice.com/game.php?id=1058617"]
[Date "2012.5.11"]
[Round "-"]
[White "jujuju"]
[Black "Charly"]
[Result "1-0"]
[WhiteElo "2083"]
[BlackElo "1570"]

1. d4 Nf6 2. Bg5 Ne4 3. Bf4 d6 4. Nc3 Nxc3 5. bxc3 g6 6. Nf3 Bg7 7. e4 Nd7 8.
Bd3 O-O 9. O-O c5 10. Bg5 Nf6 11. e5 dxe5 12. dxe5 Ng4 13. Re1 Qc7 14. Bf4 c4
15. Be4 Rd8 16. Qb1 Qc5 17. Bg3 e6 18. Qb4 Bf8 19. Qb1 Bd7 20. h3 Nh6 21. Bxb7
Rab8 22. Bh4 Be7 23. Bxe7 Qxe7 24. Nd4 Be8 25. Qc1 Rxb7 26. Qxh6 Rdb8 27. a4 Qc5
28. a5 a6 29. g4 Bc6 30. Nxc6 Qxc6 31. Qd2 Rd7 32. Qc1 Rd5 33. Qf4 Qc7 34. Ra4
Rbb5 35. Rxc4 Rbc5 36. Rxc5 Rxc5 37. Rd1 Rxc3 38. Qf6 1-0

[Event "OS INCLIVEIS"]
[Site "http://www.queenalice.com/game.php?id=1058879"]
[Date "2012.5.12"]
[Round "-"]
[White "adelio"]
[Black "Charly"]
[Result "1-0"]
[WhiteElo "1682"]
[BlackElo "1649"]

1. d4 Nf6 2. d5 g6 3. c4 Bg7 4. f3 d6 5. g4 c6 6. b4 cxd5 7. cxd5 Nxd5 8. e4
Nxb4 9. Bd2 Bxa1 10. Bxb4 O-O 11. Ne2 Nc6 12. Bd2 Bg7 13. Bg2 Qb6 14. Qc1 Be6
15. Be3 Qa5+ 16. Nbc3 Rac8 17. O-O Ne5 18. Rd1 Nd7 19. Rd2 1-0

[Event "Challenge"]
[Site "http://www.queenalice.com/game.php?id=1064445"]
[Date "2012.5.27"]
[Round "-"]
[White "Charly"]
[Black "Vladimir"]
[Result "1-0"]
[WhiteElo "1599"]
[BlackElo "1770"]

1. d4 d5 2. c4 dxc4 3. Nc3 e6 4. e3 Bb4 5. Bxc4 Nf6 6. Nf3 h6 7. O-O Bxc3 8.
bxc3 O-O 9. Re1 Ne4 10. Qc2 f5 11. Bd3 Qd5 12. c4 Qd8 13. Bxe4 fxe4 14. Qxe4 c6
15. Bb2 Qf6 16. Re2 Na6 17. Ne5 Qf5 18. Qxf5 exf5 19. Bc3 Be6 20. Rb1 Rab8 21.
Reb2 Kh7 22. Rxb7 Rxb7 23. Rxb7 Rb8 24. Rxb8 Nxb8 25. a3 Nd7 26. Nxc6 Bxc4 27.
Nxa7 Bb3 28. Nc8 1-0

[Event "Challenge"]
[Site "http://www.queenalice.com/game.php?id=1072881"]
[Date "2012.6.16"]
[Round "-"]
[White "deuterius"]
[Black "Charly"]
[Result "0-1"]
[WhiteElo "1602"]
[BlackElo "1695"]

1. e4 c6 2. Nf3 d5 3. exd5 cxd5 4. d4 Nc6 5. Be3 Nf6 6. Bd3 Bg4 7. Be2 e6 8. O-O
Bd6 9. Qd2 O-O 10. Nc3 a6 11. Ng5 h6 12. Nf3 Rc8 13. Ne1 Bxe2 14. Nxe2 Ne4 15.
Qd1 Na5 16. b3 Nc6 17. f3 Nf6 18. Nd3 Re8 19. f4 Ne4 20. Qe1 Ne7 21. Nf2 Nxf2
22. Rxf2 Rxc2 23. Rc1 Rxa2 24. Ra1 Rxa1 25. Qxa1 Qb6 26. Qb1 Bb4 27. Ng3 Rc8 28.
Rc2 Rxc2 29. Qxc2 Qc6 30. Qb1 Qc3 31. Bf2 Qd2 32. Nh5 Nf5 33. Ng3 Nxd4 34. Kf1
Qxf4 35. Kg1 Qd2 36. Bxd4 Qxd4+ 37. Kh1 Qf2 38. Qf1 Qxf1+ 39. Nxf1 Kf8 40. Ng3
Ke7 41. Ne2 e5 42. Nc1 Ke6 43. Nd3 Bd6 44. g3 e4 45. Nf2 f5 46. Nh3 d4 0-1

[Event "Challenge"]
[Site "http://www.queenalice.com/game.php?id=1077193"]
[Date "2012.6.28"]
[Round "-"]
[White "fabricioprado"]
[Black "Charly"]
[Result "1-0"]
[WhiteElo "1514"]
[BlackElo "1770"]

1. d4 Nf6 2. c4 g6 3. Nc3 Bg7 4. Bg5 d6 5. Nf3 O-O 6. e3 Nbd7 7. Bd3 h6 8. Bh4
g5 9. Bg3 a6 10. O-O Nh5 11. b4 Nxg3 12. fxg3 c5 13. a3 b6 14. b5 cxd4 15. exd4
Bb7 16. Ne2 axb5 17. cxb5 Kh8 18. Ra2 Nf6 19. Qd2 Ra5 20. Nc3 Qd7 21. a4 Nd5 22.
Nxd5 Bxd5 23. Be2 Bxa2 24. Qxa2 e6 25. Rd1 Rfa8 26. Qb3 Rxa4 27. h4 g4 28. Nh2
Bxd4+ 29. Kh1 h5 30. Rxd4 Rxd4 31. Qc3 e5 32. Qe3 Qe6 33. Qg5 Qg6 34. Qe7 Ra1+
35. Bf1 Rdd1 36. Qf8+ 1-0

[Event "Challenge"]
[Site "http://www.queenalice.com/game.php?id=1077613"]
[Date "2012.6.29"]
[Round "-"]
[White "Andrei_78"]
[Black "Charly"]
[Result "1-0"]
[WhiteElo "1690"]
[BlackElo "1798"]

1. h3 Nf6 2. d3 d5 3. Nf3 c5 4. e3 Nc6 5. a3 e5 6. Be2 Bd6 7. O-O O-O 8. Nh2 Ne8
9. Nc3 Be6 10. Bf3 Nc7 11. Qe2 a6 12. Na4 Ne8 13. c4 Nf6 14. cxd5 Bxd5 15. e4
Nd4 16. Qd1 Bc6 17. Bg5 h6 18. Bg4 hxg5 19. Nf3 Nxf3+ 20. Bxf3 Bxa4 21. Qxa4 Bc7
22. Rac1 b6 23. Qc6 Qd6 24. Qb7 Rfb8 25. Qxa8 Rxa8 26. Rfd1 Qd4 27. Rc2 Rb8 28.
g3 Bd8 29. b3 Be7 30. Kg2 b5 31. Kg1 Ne8 32. Kg2 Nd6 33. g4 g6 34. Rdc1 Nb7 35.
Be2 Nd8 36. b4 Ne6 37. bxc5 Nf4+ 38. Kf1 Nxd3 39. Bxd3 Qxd3+ 40. Kg1 Qxh3 41.
Rd1 Qxg4+ 42. Kf1 1-0

[Event "Challenge"]
[Site "http://www.queenalice.com/game.php?id=1080951"]
[Date "2012.7.9"]
[Round "-"]
[White "Charly"]
[Black "Andrei_78"]
[Result "1-0"]
[WhiteElo "1781"]
[BlackElo "1677"]

1. d4 d5 2. c4 dxc4 3. Nc3 a6 4. a4 Bf5 5. e4 Bd7 6. Bxc4 e6 7. Nf3 h6 8. O-O
Bb4 9. d5 exd5 10. exd5 Bxc3 11. bxc3 Nf6 12. Re1+ Kf8 13. Qb3 Ne8 14. Qxb7 Bc6
15. dxc6 Nxc6 16. Qxc6 Nd6 17. Ba3 Kg8 18. Bxd6 cxd6 19. Bxa6 Kh7 20. Bb5 Rc8
21. Qe4+ g6 22. c4 Qf6 23. Qe7 Kg7 24. Qxf6+ Kxf6 25. Re2 Rc5 26. Rd1 Rd8 27. h3
Kf5 28. Nd4+ Kf6 29. Nc6 Rc8 30. Rxd6+ Kg7 31. Re7 g5 32. Ne5 Kf8 33. Rdd7 f6
34. Ng6+ Kg8 35. Rg7# 1-0

[Event "Revanche..."]
[Site "http://www.queenalice.com/game.php?id=1083139"]
[Date "2012.7.15"]
[Round "-"]
[White "Vladimir"]
[Black "Charly"]
[Result "0-1"]
[WhiteElo "1815"]
[BlackElo "1752"]

1. d4 Nf6 2. c4 g6 3. Nc3 Bg7 4. e4 d6 5. Bg5 O-O 6. h3 c5 7. d5 Nbd7 8. Nf3 a6
9. Bd3 Rb8 10. O-O Re8 11. a3 h6 12. Bh4 Qa5 13. Qc1 b5 14. Bxf6 Nxf6 15. Re1
bxc4 16. Bxc4 Nd7 17. Re3 Nb6 18. Nd2 Na4 19. Nxa4 Qxa4 20. Rb3 Bd7 21. f4 Rxb3
22. Bxb3 Qd4+ 23. Kh2 Qxb2 24. Qxb2 Bxb2 25. Ra2 Bd4 26. Bc4 Bb5 27. g3 Rb8 28.
a4 Bxc4 29. Nxc4 Rb4 30. Na5 Bg7 31. Nc6 Rxe4 32. a5 c4 33. Nb8 c3 34. Nxa6 Rd4
35. Nc7 Rd2+ 0-1

[Event "Challenge"]
[Site "http://www.queenalice.com/game.php?id=1083773"]
[Date "2012.7.18"]
[Round "-"]
[White "Charly"]
[Black "Omar"]
[Result "0-1"]
[WhiteElo "1735"]
[BlackElo "1628"]

1. d4 d5 2. c4 dxc4 3. Nc3 a6 4. a4 e6 5. e4 Nc6 6. Nf3 h6 7. Bxc4 Bb4 8. O-O
Nf6 9. e5 Nd5 10. Ne4 O-O 11. Bd2 a5 12. Rc1 Bxd2 13. Qxd2 Ncb4 14. Nc3 Nxc3 15.
bxc3 Nd5 16. Bd3 b6 17. Rfe1 Bb7 18. Be4 Bc6 19. Qc2 Qd7 20. Ra1 Nf4 21. c4 Rab8
22. Qd2 Bxe4 23. Rxe4 Ng6 24. Qc2 Rbd8 25. Rd1 c5 26. d5 exd5 27. cxd5 Qb7 28.
Qd3 Qc7 0-1

[Event "Challenge"]
[Site "http://www.queenalice.com/game.php?id=1085231"]
[Date "2012.7.21"]
[Round "-"]
[White "delgado1971"]
[Black "Charly"]
[Result "0-1"]
[WhiteElo "1839"]
[BlackElo "1717"]

1. e4 c6 2. d4 d5 3. e5 Bf5 4. Bd3 Bxd3 5. Qxd3 e6 6. Bg5 Be7 7. Bxe7 Nxe7 8.
Nf3 Qb6 9. O-O Nf5 10. Qa3 Nd7 11. c3 c5 12. Qa4 Qxb2 13. Qa3 Qxa3 14. Nxa3 Rc8
15. Rab1 Nb6 16. g4 Ne7 17. Nb5 Kd7 18. Nd6 Rb8 19. dxc5 Na4 20. Rxb7+ Rxb7 21.
Nxb7 Nxc3 22. Rc1 Ne2+ 0-1